| 000 | 00955nam a2200229Ia 4500 | ||
|---|---|---|---|
| 005 | 20251020182613.0 | ||
| 008 | 200515s9999 xx 000 0 und d | ||
| 082 | _aSC/69.051/G21 | ||
| 100 | _aGALLEGOS VARGAS, Héctor RÍOS, Raúl CASABONNE, Carlos UCELLI, Carlos | ||
| 245 | 0 | _aManual de estructuras | |
| 260 | _aLima | ||
| 260 | _c197? | ||
| 300 | _a131 | ||
| 500 | _a está basado esencialmente en las reglamentaciones vigentes del American Concrete Institute y contempla en todos sus aspectos las condiciones sísmicas de la Costa del Pacífico de América | ||
| 520 | _aGuía para la preparación de estructuras y como auxiliar durante la etapa de construcción. Este documento es el fruto de la experiencia profesional, a través del diseño y control de obra, del grupo de ingenieros que lo presentan | ||
| 650 | _aARMADURAS | ||
| 650 | _aCONCRETO | ||
| 650 | _aCURADO | ||
| 650 | _aESTRUCTURAS | ||
| 650 | _aMANUALES | ||
| 942 | _cLIB | ||
| 999 |
_c3414 _d3414 |
||